| 000 | 00639nam a22001937a 4500 | ||
|---|---|---|---|
| 005 | 20251108174543.0 | ||
| 008 | 250721s2008 xx 000 0 ara d | ||
| 020 | _a9774085620 | ||
| 082 | 1 | 4 | _aط/629.892/جيف |
| 100 | 1 |
_aجيفرس، ديفيد _eمؤلف |
|
| 245 | 1 | 0 | _aالروبوت ذلك العامل العجيب / |
| 264 | 1 |
_aالجيزة : _bدار الفاروق للاستثمارات الثقافية، _c2008. |
|
| 300 | _a31ص. | ||
| 490 | 0 | _aعالم الروبوت | |
| 650 | 1 | 7 | _aالانسان الآلي الصناعي |
| 653 | _aناشاون صغار (10-14) سنه | ||
| 942 |
_2ddc _cBK |
||
| 999 |
_c112110 _d112110 |
||